000 00241nam a22001217a 4500
082 _a894.812
_bNAY/E
100 _aNAYANA,A,K,K
245 _aEADIPASINTE WATERLOO
250 _aFIRST
300 _a142
650 _aSTORY
_zKERALA
942 _cBK
999 _c1564
_d1564